Hodnotenie ratingov vybraných krajín
Hodnotenie ratingov vybraných krajín Eurozóny. Návrh metodického prístupu založeného na meraní rizika prostredníctvom miery VaR.
Salvato in:
| Autore principale: | |
|---|---|
| Natura: | Capitolo di libro |
| Lingua: | slovacco |
| Soggetti: | |
| Tags: |
Nessun Tag, puoi essere il primo ad aggiungerne!!
|
MARC
| LEADER | 00000nla a2200000 4500 | ||
|---|---|---|---|
| 001 | 0164353 | ||
| 005 | 20240502072851.8 | ||
| 041 | 0 | |a slo | |
| 044 | |a SK | ||
| 245 | 1 | 0 | |a Hodnotenie ratingov vybraných krajín |c Ivan Lichner |
| 520 | |a Hodnotenie ratingov vybraných krajín Eurozóny. Návrh metodického prístupu založeného na meraní rizika prostredníctvom miery VaR. | ||
| 610 | 2 | 0 | |a rating |
| 610 | 2 | 0 | |a agentúry |
| 610 | 2 | 0 | |a volatilita |
| 610 | 2 | 0 | |a riziko |
| 610 | 2 | 0 | |a hodnota |
| 610 | 2 | 0 | |a eurozóna |
| 610 | 2 | 0 | |a metóda Value at Risk |
| 100 | 1 | |a Lichner, Ivan | |